[Event "Caioba Telecom op"]
[Site "Caioba"]
[Date "2016.08.27"]
[Round "4"]
[White "Bartmeyer, Beatriz"]
[Black "Mangini, Bruno Fernandes"]
[Result "0-1"]
[WhiteElo "1473"]
[BlackElo "1771"]
[PlyCount "90"]
[EventDate "2016.08.26"]
[EventType "swiss"]
[EventRounds "6"]
[EventCountry "BRA"]
[SourceTitle "CBM 174 Extra"]
[Source "ChessBase"]
[SourceDate "2016.10.10"]
[SourceVersion "1"]
[SourceVersionDate "2016.10.10"]
[SourceQuality "1"]

1. f4 Nf6 2. Nf3 d5 3. b3 c5 4. e3 g6 5. Bb2 Bg7 6. Bb5+ Bd7 7. Bxd7+ Nbxd7 8. 0-0 0-0 9. Ne5 Rc8 10. d3 e6 11. Nd2 Qc7 12. Rb1 Rfd8 13. Qe2 Nb6 14. Rf3 a5 15. Rh3 a4 16. Ng4 Nxg4 17. Bxg7 Kxg7 18. Qxg4 Qe7 19. Rf1 f5 20. Qh4 Qxh4 21. Rxh4 axb3 22. axb3 c4 23. Nf3 h6 24. Nd4 Re8 25. Nb5 Re7 26. g4 cxb3 27. cxb3 Rc5 28. Nd4 Rc3 29. Rd1 Nc8 30. Kf2 Nd6 31. Ke2 Rc5 32. Rg1 Nb5 33. gxf5 Nxd4+ 34. exd4 Rc2+ 35. Kf3 exf5 36. Rg2 Rc3 37. Re2 Rxd3+ 38. Kf2 Rxe2+ 39. Kxe2 Rxb3 40. Kd2 g5 41. fxg5 hxg5 42. Rh5 Kg6 43. Rh8 f4 44. Re8 Kh5 45. h4 Kxh4 0-1

[Event "BRA-ch U18 Girls"]
[Site "Itajai"]
[Date "2016.06.11"]
[Round "5"]
[White "Rodio, Julia Brunetto"]
[Black "Bartmeyer, Beatriz"]
[Result "1-0"]
[WhiteElo "1684"]
[BlackElo "1531"]
[PlyCount "71"]
[EventDate "2016.06.09"]
[EventType "swiss"]
[EventRounds "6"]
[EventCountry "BRA"]
[SourceTitle "CBM 172 Extra"]
[Source "ChessBase"]
[SourceDate "2016.06.21"]
[SourceVersion "1"]
[SourceVersionDate "2016.06.21"]
[SourceQuality "1"]

1. e4 c5 2. Nc3 Nc6 3. g3 d6 4. Bg2 Nf6 5. d3 Bg4 6. f3 Bh5 7. Nge2 e6 8. 0-0 Be7 9. Kh1 0-0 10. Nf4 Ne5 11. Nxh5 Nxh5 12. f4 Nxg3+ 13. hxg3 Nc6 14. g4 Nd4 15. Ne2 e5 16. Nxd4 cxd4 17. f5 Rc8 18. Bd2 Bg5 19. Rf3 f6 20. Bxg5 fxg5 21. Qd2 h6 22. c3 Qb6 23. Raf1 Rf7 24. R3f2 Rcf8 25. Bf3 Kh7 26. Rh2 Rf6 27. Qxg5 dxc3 28. bxc3 Qc5 29. Qd2 Kg8 30. Bd1 Rd8 31. Bb3+ Kf8 32. g5 hxg5 33. Qxg5 d5 34. Rh8+ Ke7 35. Qxg7+ Rf7 36. f6+ 1-0

[Event "BRA-ch U18 Girls"]
[Site "Itajai"]
[Date "2016.06.09"]
[Round "1"]
[White "Pederiva, Paola Carolina"]
[Black "Bartmeyer, Beatriz"]
[Result "1-0"]
[WhiteElo "1792"]
[BlackElo "1531"]
[PlyCount "41"]
[EventDate "2016.06.09"]
[EventType "swiss"]
[EventRounds "6"]
[EventCountry "BRA"]
[SourceTitle "CBM 172 Extra"]
[Source "ChessBase"]
[SourceDate "2016.06.21"]
[SourceVersion "1"]
[SourceVersionDate "2016.06.21"]
[SourceQuality "1"]

1. d4 Nf6 2. c4 g6 3. Nc3 d6 4. e4 Bg7 5. f3 0-0 6. Be3 b6 7. Qd2 Re8 8. 0-0-0 Bb7 9. Bh6 Nbd7 10. g4 Rf8 11. h4 c5 12. d5 Ne5 13. h5 Bc8 14. hxg6 Nxg6 15. Bxg7 h5 16. Bxf6 exf6 17. Rxh5 Re8 18. Qh6 Rb8 19. Rd2 Ba6 20. Rdh2 Ra8 21. Qxg6+ 1-0